| 000 | 00521nam a2200193Ia 4500 | ||
|---|---|---|---|
| 008 | 230125s9999 xx 000 0 und d | ||
| 020 | _a978-93-80658-74-2 | ||
| 041 | _aeng | ||
| 082 |
_a823 _bTRI |
||
| 100 |
_aTripathi A _9113414 |
||
| 245 |
_aThe Immortals of Meluha _b Shiva Trilogy 1 |
||
| 260 |
_c2010 _bWestland Publications _aMumbai |
||
| 300 | _a411p | ||
| 500 | _aEnglish Literature;Literature | ||
| 650 | _aEnglish Literature | ||
| 700 |
_aTripathi A _9113414 |
||
| 906 | _b39 | ||
| 999 |
_c90518 _d90518 |
||